| 000 | 00688cam a22002293a 4500 | ||
|---|---|---|---|
| 001 | 9607 | ||
| 003 | PGUSA | ||
| 005 | 20140828083214.0 | ||
| 008 | 060101s2006||||xxu|||||s|||||000 | eng d | ||
| 040 |
_aPGUSA _beng |
||
| 042 | _adc | ||
| 050 | 4 | _aE300 | |
| 100 | 1 |
_aThayer, William Makepeace, _d1820-1898 |
|
| 245 | 1 | 0 |
_aFrom Boyhood to Manhood : _bLife of Benjamin Franklin _h[electronic resource] / _cWilliam Makepeace Thayer |
| 260 |
_bProject Gutenberg, _c2006 |
||
| 506 | _aPublic domain in the USA. | ||
| 516 | _aElectronic text | ||
| 653 | _aFranklin, Benjamin, 1706-1790 | ||
| 830 | 0 |
_aProject Gutenberg _v9607 |
|
| 856 | 4 | 0 | _uhttp://www.gutenberg.org/ebooks/9607 |
| 942 | _cEB | ||
| 999 |
_c238863 _d238863 |
||